000
00325nam a2200133Ia 4500
008
190216s9999||||xx |||||||||||||| ||und||
100
_a
David P Shoemaker And Carl W Garland
245
0
_a
Experiments In Physical Chemistry
250
_a
2nd Ed.
260
_b
Null
_c
1967
300
_a
490
650
_a
Chemistry
942
_c
BK
999
_c
2360
_d
2360